1000पर्यावरण प्रश्नोतरी (Record no. 186673)

MARC details
000 -LEADER
fixed length control field 00485nam a2200145Ia 4500
008 - FIXED-LENGTH DATA ELEMENTS--GENERAL INFORMATION
fixed length control field 090124s9999 xx 000 0 und d
082 ## - DEWEY DECIMAL CLASSIFICATION NUMBER
Item number 205092
245 ## - TITLE STATEMENT
Title 1000पर्यावरण प्रश्नोतरी
250 ## - EDITION STATEMENT
Edition statement 1
260 ## - PUBLICATION, DISTRIBUTION, ETC. (IMPRINT)
Name of publisher, distributor, etc साळवी दिलिप एम.
Date of publication, distribution, etc 1999
300 ## - PHYSICAL DESCRIPTION
Extent 192
630 ## - SUBJECT ADDED ENTRY--UNIFORM TITLE
Uniform title 1000पर्यावरण प्रश्नोतरी
730 ## - ADDED ENTRY--UNIFORM TITLE
Uniform title 1000पर्यावरण प्रश्नोतरी
942 ## - ADDED ENTRY ELEMENTS (KOHA)
Koha item type Book
Holdings
Withdrawn status Lost status Damaged status Not for loan Home library Current library Date acquired Cost, normal purchase price Total Checkouts Full call number Barcode Date last seen Cost, replacement price Price effective from Koha item type
        Marathi Granth Sangrahalaya,Thane Marathi Granth Sangrahalaya,Thane   150.00   205092 THNMGS-205092 01/24/2009 150.00 01/24/2009 Book